| 000 | 00491nam a2200169 a 4500 | ||
|---|---|---|---|
| 005 | 20210219151739.0 | ||
| 008 | 991125s1985 mx 000 0 spa u | ||
| 035 | _aUPN01000040081 | ||
| 049 | _aCG | ||
| 050 | 4 |
_aF1235 _bM6 |
|
| 245 | 0 | 0 |
_aMorelos : _bcinco siglos de historia regional / _cLuis Aráoz ... [et al.]. |
| 260 |
_aMéxico : _bCEHAM : _bUAEM, _c1985. |
||
| 300 | _a464 p. | ||
| 600 | 1 | 4 |
_aMORELOS Y PAVON, JOSE MARIA, _d1765-1815 |
| 700 | 1 |
_aAráoz, Luis, _ecoaut. |
|
| 905 | _aLibro | ||
| 999 |
_c40081 _d40081 |
||